000 00768nam a2200229 a 4500
999 _c11298
_d11298
001 11298
003 BD-JhCC
005 20190825103758.0
008 190624s 2016bg a|||| ||a| 000 0 ben d
020 _a9789848948828
035 _a(BD-JhCC)11298
040 _aBD-JhCC
_dBD-JhCC
041 _aben
082 _bMON 2016
_a780
100 _aমণ্ডল,লিঠু
245 _aকৃষ্টির ভূমিপুত্র রণজিৎ বাওয়ালী: জীবন ও গান /
_cলিঠু মণ্ডল ।
260 _aঢাকা:
_bকলি প্রকাশনী;
_c২০১৬.
300 _a১২৬ পৃ. :
_bill;
_c২২ সেমি.
650 _aBengali Music
942 _2ddc
_cBK